Statistics for Dead by Daylight Killer Perks pt. 1

Click here to take the quiz!

General Stats

  • This quiz has been taken 716 times
  • The average score is 21 of 30

Answer Stats

HintAnswer% Correct
Putting a Survivor into the dying state with a basic attack causes all generators within 32 metres to explode.Jolt
92%
Survivors in your terror radius when you pick up a Survivor become Exposed.Starstruck
89%
Hitting a Survivor with a basic attack inflicts them with the Mangled status effect, making healing
take longer and more frequent pools of blood.
Sloppy Butcher
88%
You see the auras of Survivors when they begin healing.A Nurse’s Calling
84%
When a generator has been repaired, the generator with the most progression is blocked by The
Entity.
Deadlock
82%
You see the aura of a generator that has reached 70% repair progress.Tinkerer
80%
Further lunge.Coup de Grace
79%
Increased movement speed whilst carrying a Survivor.Agitation
78%
Standing still removes your terror radius.Insidious
78%
The auras of all Survivors are revealed to you at the start of the trial of 9 seconds.Lethal Pursuer
78%
Hitting a Survivor while carrying a Survivor temporarily disables the wiggle timer.Mad Grit
78%
If a Survivor is hooked and Survivors who are on generators come off of them, those generators
are temporarily blocked by The Entity for as long as the perks effects persist.
Dead Man’s Switch
77%
Reduce pallet stun duration.Enduring
77%
The Obsession gains an increased healing and repairing speed whilst everybody else suffers from a penalty.Dying Light
76%
Every Survivor who stuns or blinds you become the new Obsession and suffers from the Oblivious status effect for 60 seconds.Nemesis
75%
After all generators have been repaired, all Survivors become Exposed.Hex: No One Escapes Death
73%
Survivors who take other Survivors off hook scream and are temporarily Exposed.Make Your Choice
73%
When a generator reaches 90%, an endless wave of skillchecks attack the Survivor
until that generator is repaired. If they miss the skillcheck, The Entity temporarily blocks
that generator.
Merciless Storm
73%
Delayed audio prompt for skillchecks.Hex: Huntress Lullaby
70%
You replace cleansed dull totems with a hex totem.Hex: Pentimento
70%
Damaging a generator increases the regressing rate by 200%.Call of Brine
67%
Healing speed for Survivors in your terror radius decreases.Coulrophobia
63%
Crows reveal the position of Survivors who are 24 metres from you.Spies from the Shadows
63%
Damaging a generator grants the Undetectable status effect for as long as the
effected generator continue to regress or you hit a Survivor.
Trail of Torment
62%
Blood pools of Survivors stand out more.Bloodhound
61%
The auras of Survivors are revealed to you if they enter the basement.Territorial Imperative
60%
When a Survivor is unhooked, they suffer from the Mangled and Haemorrhage status effects until they are fully healed.Scourge Hook: Gift of Pain
57%
Survivors in your terror radius have their items deplete much faster.Overwhelming Presence
52%
Survivors suffer from a cleansing/blessing penalty each time a totem is cleansed.Hex: Thrill of the Hunt
50%
Survivors who take the Obsession off hook become the new Obsession.Furtive Chase
41%

Score Distribution

Percentile by Number Answered

Percent of People with Each Score

Your Score History

You have not taken this quiz